| Tag |
First Indicator |
Second Indicator |
Subfields |
| LEADER |
00000ctm a2200000Ia 4500 |
| 001 |
in00000010352 |
| 005 |
20200904152401.0 |
| 008 |
880304s1986 xx a bm 000 0 eng d |
| 035 |
|
|
|a (OCoLC)ocm17577473
|
| 035 |
|
|
|9 AAA2556AM
|
| 040 |
|
|
|a TXA
|b eng
|c TXA
|d OCLCQ
|d OCLCF
|d OCLCO
|d OCLCQ
|d UMI
|d TXA
|
| 035 |
|
|
|a (OCoLC)17577473
|
| 049 |
|
|
|a TXAM
|
| 099 |
|
|
|a 1986
|a Disser-
|a tation
|a G285
|
| 100 |
1 |
|
|a Gay, Cheryl Jenann Aeschbach.
|
| 245 |
1 |
2 |
|a A soybean crop phenology model for crop condition assessment /
|
| 264 |
|
1 |
|c 1986.
|
| 300 |
|
|
|a ix, 186 leaves :
|b illustrations ;
|c 29 cm
|
| 336 |
|
|
|a text
|b txt
|2 rdacontent
|
| 337 |
|
|
|a unmediated
|b n
|2 rdamedia
|
| 338 |
|
|
|a volume
|b nc
|2 rdacarrier
|
| 500 |
|
|
|a Typescript (photocopy).
|
| 502 |
|
|
|b Ph. D.
|c Texas A & M University
|d 1986
|
| 500 |
|
|
|a Vita.
|
| 504 |
|
|
|a Includes bibliographical references (leaves 130-137).
|
| 500 |
|
|
|a "Major subject: Bioengineering."
|
| 520 |
3 |
|
|a A computer model is presented which determines area-wide crop stress, for areas in the range of 100 km^2. Simplified mechanisms of the principle processes governing growth and development of the soybean plant (and crop) are proposed, allowing the simulation to be useful anywhere soybeans are grown, rather than restricted to use in areas where data for regression-based equations have been taken. The crop simulator accounts for the effects of a number of types of environmental conditions which may modify plant growth and development, including water deficit, sub- or supra-optimal temperatures, photoperiod, and also conditions that may delay planting or harvest of the crop. The crop phenology simulator differs significantly from previous models in its inclusion of circadian rhythm and temperature interactions in a mechanistic model of floral induction. A major consideration underlying the development of the model is the fact that the plant's developmental stage influences its response to environmental conditions both qualitatively and quantitatively. The input information required for crop simulation has been restricted to daily weather data which is commonly available throughout the world (daily minimum and maximum temperatures, rainfall, solar radiation estimate). Required site information has been kept to a minimum, and includes latitude, general soil texture, moisture holding capacity, and depth. The simulation can be stopped or resumed at any time during the season. Predicted crop status can also be updated with the observed status when necessary (i.e., reduced leaf area due to hail damage). Information reported by the crop simulator includes crop developmental stage, dates on which environmental conditions significantly retard plant growth and/or development (and an identification of the source of stress--temperature, low moisture), dates on which environmental conditions are optimal for plant growth and development processes, and daily reports of soil moisture content and distribution and an indication of moisture availability to the crop.
|
| 650 |
|
0 |
|a Plant phenology
|x Mathematical models.
|
| 650 |
|
0 |
|a Agricultural estimating and reporting.
|
| 650 |
|
0 |
|a Soybean.
|
| 650 |
|
4 |
|a Major bioengineering.
|
| 655 |
|
7 |
|a Academic theses
|2 lcgft
|
| 700 |
1 |
|
|a Fares, Youhanna,
|e degree supervisor.
|
| 700 |
1 |
|
|a Goeschl, John,
|e degree committee member.
|
| 700 |
1 |
|
|a Hyman, William A.,
|e degree committee member.
|
| 700 |
1 |
|
|a Miller, Gerald E.,
|e degree committee member.
|
| 700 |
1 |
|
|a Newton, Ronald J.,
|e degree committee member.
|
| 710 |
2 |
|
|a Texas A & M University,
|e degree granting institution.
|
| 856 |
4 |
2 |
|3 ProQuest, Abstract
|u http://gateway.proquest.com/openurl?url_ver=Z39.88-2004&rft_val_fmt=info:ofi/fmt:kev:mtx:dissertation&res_dat=xri:pqm&rft_dat=xri:pqdiss:8625393
|t 0
|
| 856 |
4 |
1 |
|x http://hdl.handle.net/1969.1/DISSERTATIONS-16428
|z Link to OAKTrust copy
|t 0
|
| 856 |
4 |
1 |
|u http://proxy.library.tamu.edu/login?url=http://proquest.umi.com/pqdweb?did=749104281&sid=1&Fmt=2&clientId=2945&RQT=309&VName=PQD
|z Link to OAKTrust copy
|t 0
|
| 994 |
|
|
|a C0
|b TXA
|
| 999 |
f |
f |
|s 3eb01335-e523-3ff3-b33d-eb884387860a
|i f18f5058-fec7-3019-bdb3-f418b476a584
|t 0
|
| 952 |
f |
f |
|p noncirc
|a Texas A&M University
|b J.J. Pickle Campus
|c High Density Repository
|s HDR
|d Remote Storage
|t 0
|e 1986 Dissertation G285
|h Other scheme
|i unmediated -- volume
|m A14839615774
|
| 952 |
f |
f |
|a Texas A&M University
|b College Station
|c Electronic Resources
|s www_evans
|d Available Online
|t 0
|e 1986 Dissertation G285
|h Other scheme
|
| 998 |
f |
f |
|a 1986 Dissertation G285
|t 0
|l Available Online
|
| 998 |
f |
f |
|a 1986 Dissertation G285
|t 0
|l Remote Storage
|